[Event "zonal 3.5 (w)"]
[Site "Tianjin CHN"]
[Date "2007.05.04"]
[Round "7.12"]
[White "Wang Li"]
[Black "Du Shan"]
[Result "0-1"]
[WhiteElo "2337"]
[BlackElo "2399"]
[EventDate "2007.04.28"]
[PlyCount "126"]

1.e4 e5 2.Nf3 d6 3.Bc4 c6 4.d3 Be7 5.Bb3 Nf6 6.O-O O-O 7.Re1 Bg4 8.Nbd2 
Nbd7 9.h3 Bh5 10.Nf1 Nc5 11.Ng3 Bg6 12.Nh4 Nxb3 13.axb3 Ne8 14.Nhf5 Bh4 
15.d4 Bxg3 16.Nxg3 Nc7 17.Be3 b6 18.dxe5 dxe5 19.Qg4 Qc8 20.Red1 Qxg4 21.
hxg4 Rfc8 22.b4 Kf8 23.Ra4 Nd5 24.exd5 Bxc2 25.Raa1 Bxd1 26.Rxd1 cxd5 27.
Rxd5 f6 28.Bd2 Rd8 29.Rxd8+ Rxd8 30.Bc3 Rd1+ 31.Kh2 Kf7 32.Nf5 Rd3 33.Ne3 
Ke6 34.Kg3 g6 35.Kf3 f5 36.Ke2 Rd7 37.gxf5+ gxf5 38.g3 h5 39.Nc4 Rc7 40.
Nd2 Rd7 41.Ke3 Rd8 42.Kf3 Rd3+ 43.Ke2 Rd7 44.Kf1 f4 45.Kg2 Kf5 46.Nf3 fxg3
47.Kxg3 Rd3 48.Kg2 e4 49.Nd4+ Kf4 50.Ne2+ Kg4 51.Ng3 e3 52.fxe3 Rxe3 53.
Nh1 Re2+ 54.Nf2+ Kf4 55.Bd4 Rc2 56.Kg1 Kf3 57.Nh1 Rg2+ 58.Kf1 Rd2 59.Bc3 
Rh2 60.Kg1 Rg2+ 61.Kf1 h4 62.Be1 h3 63.Bf2 Rh2 0-1

[Event "zonal 3.5 (w)"]
[Site "Tianjin CHN"]
[Date "2007.05.04"]
[Round "7.13"]
[White "Zhang Xiaowen"]
[Black "Wei Chenpeng"]
[Result "1/2-1/2"]
[WhiteElo "2203"]
[BlackElo "2343"]
[EventDate "2007.04.28"]
[PlyCount "155"]

1.e4 c5 2.Nf3 d6 3.d4 cxd4 4.Nxd4 Nf6 5.Nc3 a6 6.Be3 e6 7.f3 b5 8.Qd2 Nbd7
9.g4 Nb6 10.a4 Nc4 11.Bxc4 bxc4 12.a5 Bb7 13.g5 Nd7 14.Na4 d5 15.O-O-O Rc8
16.Qc3 e5 17.Nf5 g6 18.Nb6 gxf5 19.Nxd7 Kxd7 20.Qxe5 Qxa5 21.Kb1 Bd6 22.
Qxf5+ Kc7 23.Qxf7+ Kb8 24.Rxd5 Qc7 25.Qxc7+ Bxc7 26.Rd7 Rhf8 27.Rxh7 Rxf3 
28.Re1 Re8 29.Ba7+ Kc8 30.g6 Rg8 31.Rf7 Rxf7 32.gxf7 Rf8 33.Rf1 Bd6 34.Bd4
Bxe4 35.Bg7 Rd8 36.f8=Q Bxf8 37.Rxf8 Rxf8 38.Bxf8 Kd7 39.Kc1 Ke6 40.Kd2 
Kf5 41.Bd6 Kg4 42.c3 Kh3 43.Ke3 Bd5 44.Kd4 Be6 45.Kc5 Kg4 46.Kb6 Bc8 47.
Kc7 Bf5 48.Kb7 Bc2 49.Kxa6 Kh3 50.Kb5 Bb3 51.Kc5 Ba2 52.Kd4 Bb3 53.Ke3 Kg4
54.Kf2 Kh3 55.Kg1 Ba2 56.Bg3 Bb3 57.Bf4 Ba2 58.Kf2 Bb3 59.Ke3 Kg4 60.Bd6 
Kh3 61.Kf3 Ba2 62.Ke2 Bb3 63.Kd2 Kg4 64.Bc7 Kh3 65.Bg3 Kg4 66.h4 Kh5 67.
Ke3 Kg4 68.Be1 Kh5 69.Kf4 Bd1 70.Kg3 Ba4 71.Bd2 Bd1 72.Bg5 Ba4 73.Kf4 Bd1 
74.Ke5 Ba4 75.Kd4 Bb3 76.Bd8 Kg4 77.Ke3 Kh5 78.Kf4 1/2-1/2

[Event "zonal 3.5 (w)"]
[Site "Tianjin CHN"]
[Date "2007.05.04"]
[Round "7.14"]
[White "Zhang Ziyang"]
[Black "Jia Haoxiang"]
[Result "1-0"]
[WhiteElo "2323"]
[BlackElo "2198"]
[EventDate "2007.04.28"]
[PlyCount "97"]

1.d4 d5 2.c4 c6 3.Nf3 Nf6 4.e3 e6 5.Bd3 Nbd7 6.O-O dxc4 7.Bxc4 Bd6 8.Nc3 
O-O 9.a4 Qe7 10.e4 e5 11.Bg5 Rd8 12.d5 Nf8 13.h3 h6 14.Be3 Bb4 15.Qb3 Bxc3
16.bxc3 Nxe4 17.Rfe1 cxd5 18.Bxd5 Nf6 19.c4 Nxd5 20.cxd5 Qd6 21.Red1 e4 
22.Ne1 Ng6 23.Rac1 Nf4 24.Bxf4 Qxf4 25.Nc2 Qe5 26.Ne3 b6 27.Qc4 Bd7 28.Qa6
f5 29.Nc4 Qf6 30.a5 f4 31.axb6 f3 32.g3 Bxh3 33.Ra1 axb6 34.Qxa8 Rxa8 35.
Rxa8+ Kh7 36.d6 b5 37.Ne3 Bd7 38.Ra7 Qe6 39.Rc1 Bc8 40.Rcc7 Qxd6 41.Rxc8 
Qd2 42.Ra1 Qb2 43.Rcc1 h5 44.Rab1 Qe5 45.Rd1 Qb8 46.Rd5 g6 47.Rdxb5 Qd6 
48.Rb7+ Kh6 49.Nf5+ 1-0

[Event "zonal 3.5 (w)"]
[Site "Tianjin CHN"]
[Date "2007.05.04"]
[Round "7.15"]
[White "An Zhixiao"]
[Black "Ji Dan"]
[Result "0-1"]
[WhiteElo "2169"]
[BlackElo "2246"]
[EventDate "2007.04.28"]
[PlyCount "92"]

1.e4 c5 2.Nf3 d6 3.d4 cxd4 4.Nxd4 Nf6 5.Nc3 a6 6.Be2 e5 7.Nb3 Be7 8.O-O 
O-O 9.Kh1 Be6 10.f4 b5 11.f5 Bd7 12.a3 Bc6 13.Bf3 Nbd7 14.Qe2 Rc8 15.g4 h6
16.Rg1 Nh7 17.Bg2 Nb6 18.Na5 Ba8 19.Be3 d5 20.exd5 Nxd5 21.Nxd5 Bxd5 22.
Nb3 Bxg2+ 23.Qxg2 Qc7 24.Rac1 Rfd8 25.c4 bxc4 26.Nd2 Bg5 27.Rxc4 Qd7 28.
Bxg5 Nxg5 29.h4 Nh3 30.Rxc8 Qxc8 31.Qxh3 Rxd2 32.b4 Qc6+ 33.Rg2 Rd1+ 34.
Kh2 Qc1 35.Qf3 Rh1+ 36.Kg3 Qe1+ 37.Rf2 Rg1+ 38.Kh2 Rxg4 39.Qxg4 Qxf2+ 40.
Kh3 Qe3+ 41.Kg2 Qxa3 42.f6 Qb2+ 43.Kf1 Qc1+ 44.Ke2 Qc2+ 45.Ke3 g6 46.h5 
Qf5 0-1

[Event "zonal 3.5 (w)"]
[Site "Tianjin CHN"]
[Date "2007.05.04"]
[Round "7.17"]
[White "Lin Yi"]
[Black "Ding Yixin"]
[Result "1-0"]
[WhiteElo "2226"]
[BlackElo "2278"]
[EventDate "2007.04.28"]
[PlyCount "41"]

1.d4 d5 2.Nf3 Nf6 3.Bf4 e6 4.e3 Bd6 5.Bd3 Bxf4 6.exf4 c5 7.dxc5 Qa5+ 8.
Nbd2 Qxc5 9.O-O Qb4 10.c4 Qxb2 11.cxd5 Nxd5 12.Rb1 Qa3 13.Ne5 g6 14.f5 
gxf5 15.Bb5+ Kf8 16.Qh5 Qe7 17.Qh6+ Kg8 18.Rfc1 Na6 19.Rb3 f4 20.Rc4 Qf8 
21.Rg3+ 1-0

[Event "zonal 3.5 (w)"]
[Site "Tianjin CHN"]
[Date "2007.05.04"]
[Round "7.18"]
[White "Tian Bohan"]
[Black "Gu Xiaobing"]
[Result "0-1"]
[WhiteElo "2249"]
[BlackElo "2351"]
[EventDate "2007.04.28"]
[PlyCount "116"]

1.e4 c5 2.Nf3 d6 3.d4 cxd4 4.Nxd4 Nf6 5.Nc3 a6 6.Be2 e5 7.Nb3 Be7 8.O-O 
O-O 9.Be3 Be6 10.Qd2 Qc7 11.Nd5 Bxd5 12.exd5 Nbd7 13.c4 Ne4 14.Qc2 Nec5 
15.Nd2 a5 16.b3 f5 17.f3 Qd8 18.a3 Bg5 19.Qc3 Qf6 20.Bxg5 Qxg5 21.Rae1 Nf6
22.Rf2 Nh5 23.Bf1 Rf6 24.b4 axb4 25.axb4 Nd7 26.g3 b6 27.Ra1 Rxa1 28.Qxa1 
Qe3 29.Qd1 Rg6 30.Qc2 e4 31.fxe4 f4 32.Qa4 Nf8 33.Bg2 fxg3 34.hxg3 Nxg3 
35.Qd1 Nh1 36.Qe2 Qxf2+ 37.Qxf2 Nxf2 38.Kxf2 Nd7 39.Nf3 Rf6 40.Ke3 Kf8 41.
Ng5 Rg6 42.Ne6+ Ke7 43.Bf1 Rg3+ 44.Kd4 h5 45.c5 bxc5+ 46.bxc5 dxc5+ 47.
Nxc5 Nxc5 48.Kxc5 Rc3+ 49.Kd4 Rc1 50.Be2 h4 51.e5 h3 52.d6+ Kf7 53.Bg4 h2 
54.e6+ Kf6 55.e7 h1=Q 56.e8=Q Qg1+ 57.Kd3 Qg3+ 58.Qe3 Rc3+ 0-1

[Event "zonal 3.5 (w)"]
[Site "Tianjin CHN"]
[Date "2007.05.04"]
[Round "7.19"]
[White "Wang Xiaohui"]
[Black "Wang Jiaquan"]
[Result "1-0"]
[WhiteElo "2190"]
[BlackElo "2276"]
[EventDate "2007.04.28"]
[PlyCount "83"]

1.d4 Nf6 2.c4 e6 3.Nf3 b6 4.g3 Bb7 5.Bg2 Be7 6.O-O O-O 7.Nc3 Ne4 8.Bd2 f5 
9.d5 Bf6 10.Rc1 Na6 11.Be1 Nac5 12.Nd4 a5 13.Nxe4 fxe4 14.dxe6 dxe6 15.Bc3
Bg5 16.Rb1 Qe7 17.Qc2 e3 18.f4 Bxg2 19.Kxg2 Bf6 20.Nf3 Qd6 21.Qc1 Ne4 22.
Bxf6 Nxf6 23.Qxe3 Qc6 24.Qc3 Rad8 25.Rbd1 Qe4 26.Qe5 Qxc4 27.b3 Qe4 28.
Rxd8 Rxd8 29.Qxc7 Ra8 30.Qe5 Qc6 31.Rd1 Nd5 32.Rd4 Re8 33.f5 h6 34.fxe6 
Nf6 35.Rd6 Qc1 36.Qf4 Qc5 37.Qd4 Qc8 38.Qxb6 Qc2 39.Qb5 Qe4 40.Qd3 Qa8 41.
e7 Qb7 42.Rxf6 1-0

[Event "zonal 3.5 (w)"]
[Site "Tianjin CHN"]
[Date "2007.05.05"]
[Round "8.1"]
[White "Bu Xiangzhi"]
[Black "Zhou Jianchao"]
[Result "1-0"]
[WhiteElo "2656"]
[BlackElo "2572"]
[EventDate "2007.04.28"]
[PlyCount "87"]

1.Nf3 d5 2.d4 a6 3.c4 dxc4 4.e3 Nf6 5.Bxc4 e6 6.Qe2 c5 7.dxc5 Bxc5 8.O-O 
Nc6 9.e4 b5 10.Bb3 Nd4 11.Nxd4 Qxd4 12.Be3 Qxe4 13.Nd2 Qf5 14.g4 Qe5 15.
Nf3 Qe4 16.Ng5 Qe5 17.Qf3 Bxe3 18.Qxa8 O-O 19.Nxf7 Qf4 20.fxe3 Qxe3+ 21.
Kh1 Qb6 22.Nd6 Qxd6 23.Qg2 Qb6 24.Bd1 Bb7 25.Bf3 Nd5 26.Be4 Rf4 27.Rxf4 
Nxf4 28.Qf3 Bxe4 29.Qxe4 Qf2 30.g5 h6 31.gxh6 gxh6 32.Rc1 Kf7 33.Qh7+ Kf6 
34.Qxh6+ Ke5 35.Qg7+ Ke4 36.Qb7+ Kf5 37.Qh7+ Ke5 38.Qc7+ Kf6 39.Qc3+ e5 
40.Qc6+ Kg5 41.Rg1+ Kf5 42.Qd7+ Kf6 43.Qg7+ Ke6 44.Qg8+ 1-0

[Event "zonal 3.5 (w)"]
[Site "Tianjin CHN"]
[Date "2007.05.05"]
[Round "8.2"]
[White "Ding Liren"]
[Black "Xiu Deshun"]
[Result "1-0"]
[WhiteElo "2289"]
[BlackElo "2289"]
[EventDate "2007.04.28"]
[PlyCount "71"]

1.d4 d5 2.Nf3 Nf6 3.c4 c6 4.e3 Bf5 5.Nc3 e6 6.Nh4 Bg6 7.Nxg6 hxg6 8.Bd2 
Nbd7 9.g3 Be7 10.b3 e5 11.Bg2 e4 12.a3 Nf8 13.b4 Ne6 14.c5 Qd7 15.Qe2 a6 
16.Bc1 g5 17.Bb2 g4 18.h4 g5 19.h5 Ng7 20.h6 Nf5 21.h7 Kf8 22.O-O-O Kg7 
23.Nxe4 dxe4 24.d5 cxd5 25.Qxg4 Kg6 26.Bxf6 Bxf6 27.Bxe4 Qa4 28.Bxf5+ Kg7 
29.Rd3 Rad8 30.Rh5 Kf8 31.Rxg5 Ke7 32.Rg8 a5 33.e4 axb4 34.exd5 Bb2+ 35.
Kxb2 bxa3+ 36.Rxa3 1-0

[Event "zonal 3.5 (w)"]
[Site "Tianjin CHN"]
[Date "2007.05.05"]
[Round "8.3"]
[White "Zhang Pengxiang"]
[Black "Wang Chen"]
[Result "1-0"]
[WhiteElo "2657"]
[BlackElo "2249"]
[EventDate "2007.04.28"]
[PlyCount "59"]

1.e4 c5 2.Nf3 e6 3.d4 cxd4 4.Nxd4 Nc6 5.Nc3 Qc7 6.f4 a6 7.Nxc6 Qxc6 8.Bd3 
Nf6 9.Qe2 Bb4 10.Bd2 b5 11.a3 Bxc3 12.Bxc3 Bb7 13.Bxf6 gxf6 14.O-O-O Qc5 
15.Kb1 Bc6 16.Rhe1 O-O-O 17.c4 b4 18.axb4 Qxb4 19.c5 Qxc5 20.Rc1 Qb6 21.
Qh5 Kc7 22.Qxf7 Qd4 23.Red1 Rdf8 24.Qe7 Re8 25.Qa3 Rb8 26.Rc4 Qf2 27.e5 
fxe5 28.Be4 Rxb2+ 29.Qxb2 Rb8 30.Rxd7+ 1-0

[Event "zonal 3.5 (w)"]
[Site "Tianjin CHN"]
[Date "2007.05.05"]
[Round "8.4"]
[White "Wen Yang"]
[Black "Wang Yue"]
[Result "0-1"]
[WhiteElo "2475"]
[BlackElo "2656"]
[EventDate "2007.04.28"]
[PlyCount "88"]

1.e4 c5 2.Nf3 Nc6 3.Bb5 d6 4.O-O Bd7 5.c3 a6 6.Bxc6 Bxc6 7.Re1 Nf6 8.d4 
Bxe4 9.Bg5 Bd5 10.Nbd2 e6 11.c4 Bxf3 12.Qxf3 cxd4 13.Bxf6 gxf6 14.Qxb7 Rb8
15.Qc6+ Qd7 16.Qe4 f5 17.Qxd4 Rg8 18.Rab1 Qc6 19.g3 a5 20.b3 Qc5 21.Qd3 
Be7 22.Nf3 h5 23.Nd4 Rg6 24.Kf1 h4 25.Rbd1 Kf8 26.Qf3 Re8 27.Ne2 Rh6 28.
Nf4 Bg5 29.Nd3 Qc7 30.c5 d5 31.a3 Qb7 32.Ne5 Bf6 33.Kg1 hxg3 34.hxg3 Kg7 
35.Nc4 Reh8 36.Nxa5 Qc8 37.b4 e5 38.Rxd5 e4 39.Qg2 f4 40.Qxe4 Rh2 41.Kf1 
Qg4 42.Kg1 Rh1+ 43.Qxh1 Rxh1+ 44.Kxh1 Qh3+ 0-1

[Event "zonal 3.5 (w)"]
[Site "Tianjin CHN"]
[Date "2007.05.05"]
[Round "8.5"]
[White "Zhou Weiqi"]
[Black "Wang Hao"]
[Result "1-0"]
[WhiteElo "2469"]
[BlackElo "2638"]
[EventDate "2007.04.28"]
[PlyCount "89"]

1.d4 Nf6 2.Nf3 e6 3.c4 c5 4.d5 b5 5.dxe6 fxe6 6.cxb5 d5 7.e3 Bd6 8.b3 O-O 
9.Bb2 Nbd7 10.Nbd2 Bb7 11.Qc2 e5 12.Nh4 Ng4 13.Nf5 Nxf2 14.Nxd6 Qh4 15.Nf3
Rxf3 16.gxf3 Nxh1+ 17.Kd1 Nf2+ 18.Kc1 Rf8 19.Nxb7 Rxf3 20.Nd6 e4 21.Qd2 
Nb6 22.a4 Nd3+ 23.Bxd3 exd3 24.Kb1 Rf2 25.Qc3 d4 26.exd4 cxd4 27.Qxd3 Qxh2
28.Qxd4 Rxb2+ 29.Qxb2 Qxd6 30.Qe2 g5 31.Ra2 Qd5 32.a5 Qf5+ 33.Qc2 Qf1+ 34.
Kb2 Nd5 35.Qc8+ Kf7 36.Qd7+ Ne7 37.Ka3 Qc1+ 38.Ka4 Qf4+ 39.b4 Qf3 40.Qd4 
Nf5 41.Qxa7+ Kg6 42.Qd7 Qf4 43.a6 Nd4 44.a7 Qe4 45.Qxd4 1-0

[Event "zonal 3.5 (w)"]
[Site "Tianjin CHN"]
[Date "2007.05.05"]
[Round "8.6"]
[White "Li Chao"]
[Black "Yu Yangyi"]
[Result "1-0"]
[WhiteElo "2525"]
[BlackElo "2204"]
[EventDate "2007.04.28"]
[PlyCount "83"]

1.e4 c5 2.Nf3 Nc6 3.Nc3 Nf6 4.Bb5 Qc7 5.O-O Nd4 6.Re1 a6 7.Bc4 d6 8.Nd5 
Nxd5 9.exd5 Bg4 10.c3 Nxf3+ 11.gxf3 Bf5 12.d4 g6 13.Bg5 O-O-O 14.b4 h6 15.
Be3 cxd4 16.cxd4 Kb8 17.Rc1 Qb6 18.a4 Rc8 19.Qb3 Bg7 20.a5 Qa7 21.b5 axb5 
22.Bxb5 Rxc1 23.Rxc1 Rc8 24.Bc6 Qa6 25.Ra1 Rc7 26.Bb5 Qa7 27.Qb4 Kc8 28.a6
Kd8 29.Bf1 Bc8 30.axb7 Rxb7 31.Qe1 Qb8 32.Qa5+ Qc7 33.Qa3 Qb6 34.Bd2 Qxd4 
35.Ba5+ Ke8 36.Rc1 Bd7 37.Bc3 Qb6 38.Bxg7 f6 39.Bxh6 g5 40.Qd3 Qb2 41.Re1 
Qb4 42.Qh7 1-0

[Event "zonal 3.5 (w)"]
[Site "Tianjin CHN"]
[Date "2007.05.05"]
[Round "8.7"]
[White "Wan Yunguo"]
[Black "Ju Wenjun"]
[Result "1-0"]
[WhiteElo "2386"]
[BlackElo "2345"]
[EventDate "2007.04.28"]
[PlyCount "97"]

1.e4 c5 2.Nf3 d6 3.d4 cxd4 4.Nxd4 Nf6 5.Nc3 a6 6.a4 e5 7.Nf3 Qc7 8.Bg5 
Nbd7 9.Nd2 h6 10.Bh4 g5 11.Bg3 Nc5 12.Qf3 Be7 13.Bc4 Ne6 14.Qd3 Bd7 15.Nd5
Nxd5 16.Bxd5 h5 17.h3 Bc6 18.c3 Nc5 19.Qc4 Bxd5 20.Qxd5 a5 21.f3 Qc6 22.
Qc4 Ne6 23.Bf2 h4 24.Be3 Nf4 25.Bxf4 gxf4 26.Qb5 f5 27.exf5 O-O 28.O-O-O 
Rxf5 29.Ne4 Rd8 30.Rd5 Rf7 31.Rhd1 Rg7 32.R1d2 Qxb5 33.Rxb5 b6 34.Rxb6 d5 
35.Nf6+ Bxf6 36.Rxf6 Re8 37.Rf5 Rg6 38.Rxd5 Rxg2 39.Rfxe5 Rxe5 40.Rxe5 Rg3
41.Rxa5 Rxh3 42.Rg5+ Kf7 43.Rg4 Kf6 44.Rxf4+ Kg5 45.Rf8 Rh1+ 46.Kc2 h3 47.
a5 h2 48.Rh8 Kf4 49.Rh3 1-0

[Event "zonal 3.5 (w)"]
[Site "Tianjin CHN"]
[Date "2007.05.05"]
[Round "8.8"]
[White "Zhao Jun"]
[Black "Wu Wenjin"]
[Result "1/2-1/2"]
[WhiteElo "2554"]
[BlackElo "2498"]
[EventDate "2007.04.28"]
[PlyCount "24"]

1.e4 c6 2.d4 d5 3.e5 c5 4.dxc5 e6 5.Be3 Nd7 6.Nf3 Bxc5 7.Bxc5 Nxc5 8.Qd4 
Qb6 9.Nbd2 Ne7 10.Nb3 Nd7 11.Qxb6 Nxb6 12.Nfd4 Ng6 1/2-1/2

[Event "zonal 3.5 (w)"]
[Site "Tianjin CHN"]
[Date "2007.05.05"]
[Round "8.9"]
[White "Lou Yiping"]
[Black "Li Shilong"]
[Result "1-0"]
[WhiteElo "2268"]
[BlackElo "2552"]
[EventDate "2007.04.28"]
[PlyCount "71"]

1.d4 Nf6 2.c4 g6 3.Nc3 Bg7 4.e4 O-O 5.f3 d6 6.Be3 e5 7.d5 c6 8.Bd3 cxd5 9.
cxd5 Nh5 10.Nge2 f5 11.exf5 gxf5 12.O-O Nd7 13.Qd2 Nc5 14.Bc2 Bd7 15.b4 
Na6 16.Rab1 Kh8 17.f4 Nc7 18.b5 Ne8 19.Rb3 Qh4 20.Ra3 Rg8 21.Ra4 e4 22.
Rxa7 Rb8 23.Bd1 Nef6 24.Nd4 Bh6 25.Ne6 Bxe6 26.dxe6 Rbe8 27.Rxb7 Rxe6 28.
Qf2 Qh3 29.Rb8 Ne8 30.Kh1 Ng3+ 31.Qxg3 Rxg3 32.Bd4+ Bg7 33.gxh3 Rxh3 34.
Bb3 d5 35.Bxd5 Re7 36.Rg1 1-0

[Event "zonal 3.5 (w)"]
[Site "Tianjin CHN"]
[Date "2007.05.05"]
[Round "8.10"]
[White "Ji Dan"]
[Black "Liang Chong"]
[Result "1/2-1/2"]
[WhiteElo "2246"]
[BlackElo "2505"]
[EventDate "2007.04.28"]
[PlyCount "57"]

1.e4 e5 2.Nf3 Nc6 3.Bb5 a6 4.Ba4 Nf6 5.O-O Be7 6.Re1 b5 7.Bb3 d6 8.c3 O-O 
9.h3 Nb8 10.d4 Nbd7 11.Nbd2 Bb7 12.Bc2 c5 13.Nf1 Re8 14.Ng3 Bf8 15.a4 g6 
16.Qe2 exd4 17.cxd4 bxa4 18.Bg5 h6 19.Bxf6 Nxf6 20.Bxa4 Re7 21.dxc5 Bxe4 
22.Nxe4 Nxe4 23.cxd6 Qxd6 24.Qc4 Nd2 25.Nxd2 Rxe1+ 26.Rxe1 Qxd2 27.Rd1 Qb4
28.Qxb4 Bxb4 29.Rd7 1/2-1/2

[Event "zonal 3.5 (w)"]
[Site "Tianjin CHN"]
[Date "2007.05.05"]
[Round "8.11"]
[White "Du Shan"]
[Black "Zhang Ziyang"]
[Result "1/2-1/2"]
[WhiteElo "2399"]
[BlackElo "2323"]
[EventDate "2007.04.28"]
[PlyCount "120"]

1.d4 d5 2.Nf3 Nf6 3.Bf4 c5 4.e3 Nc6 5.c3 Qb6 6.Qb3 c4 7.Qc2 Bf5 8.Qc1 Qd8 
9.Be2 Nh5 10.Be5 e6 11.O-O f6 12.Bf4 g5 13.Bg3 Nxg3 14.fxg3 h5 15.Nfd2 g4 
16.e4 dxe4 17.Bxc4 h4 18.gxh4 Nxd4 19.cxd4 Qxd4+ 20.Kh1 Rxh4 21.Qc3 Bc5 
22.Nb3 Qxc3 23.Nxc3 Bd6 24.h3 Rc8 25.Rxf5 exf5 26.Be6 Rd8 27.Bxf5 gxh3 28.
gxh3 Be5 29.Re1 Rf4 30.Bxe4 Rf2 31.Re2 Rd1+ 32.Nxd1 Rxe2 33.Bf3 Rh2+ 34.
Kg1 Rxh3 35.Bxb7 Rd3 36.Nf2 Rg3+ 37.Kf1 Bxb2 38.Ke2 Rc3 39.Ne4 Rc7 40.Bd5 
Ke7 41.Ned2 f5 42.Nc4 Be5 43.a4 Kf6 44.a5 Rd7 45.Bf3 Bb8 46.a6 Kg5 47.Nba5
Bh2 48.Bc6 Rh7 49.Kf3 Bg1 50.Bb7 f4 51.Kg2 Bc5 52.Nb3 Be3 53.Nxe3 fxe3 54.
Nd4 Kf4 55.Nc6 e2 56.Kf2 Rh2+ 57.Ke1 Ke3 58.Ne7 Kd3 59.Bf3 Ke3 60.Bb7 Kd3 
1/2-1/2

[Event "zonal 3.5 (w)"]
[Site "Tianjin CHN"]
[Date "2007.05.05"]
[Round "8.12"]
[White "Wang Yu"]
[Black "Wang Rui"]
[Result "1/2-1/2"]
[WhiteElo "2384"]
[BlackElo "2482"]
[EventDate "2007.04.28"]
[PlyCount "120"]

1.e4 e5 2.Nc3 Nf6 3.Bc4 Bc5 4.d3 Nc6 5.Bg5 h6 6.Bh4 a6 7.Nge2 d6 8.a3 Be6 
9.Bd5 Bxd5 10.exd5 Ne7 11.Bxf6 gxf6 12.Ne4 Nxd5 13.c4 Nb6 14.b4 Bd4 15.
Nxd4 exd4 16.O-O Qe7 17.Re1 Kf8 18.Ng3 Qd8 19.Qh5 Nd7 20.f4 f5 21.Qxf5 Rg8
22.Qh3 Rh8 23.Nh5 Rg8 24.Qf3 c6 25.Ra2 Nf6 26.Nxf6 Qxf6 27.Rae2 Rg6 28.g3 
Rb8 29.Re4 a5 30.Qf2 axb4 31.axb4 c5 32.bxc5 dxc5 33.Re5 b6 34.Qf3 Rg8 35.
Qd5 Kg7 36.Rf5 Qg6 37.Re7 Rgf8 38.Qe5+ Kg8 39.Qf6 Qxf6 40.Rxf6 Kg7 41.Rc6 
Rfc8 42.Rxc8 Rxc8 43.Rb7 Rc6 44.Kf2 Re6 45.h3 h5 46.f5 Re5 47.g4 hxg4 48.
hxg4 Kf6 49.Rxb6+ Kg5 50.Rb7 Kxg4 51.Rxf7 Re3 52.Rc7 Rf3+ 53.Ke2 Rxf5 54.
Rc8 Kg3 55.Rg8+ Kf4 56.Rc8 Re5+ 57.Kd2 Rf5 58.Ke2 Kg3 59.Rg8+ Kf4 60.Rc8 
Kg3 1/2-1/2

[Event "zonal 3.5 (w)"]
[Site "Tianjin CHN"]
[Date "2007.05.05"]
[Round "8.13"]
[White "Wei Chenpeng"]
[Black "Lin Yi"]
[Result "0-1"]
[WhiteElo "2343"]
[BlackElo "2226"]
[EventDate "2007.04.28"]
[PlyCount "48"]

1.e4 e6 2.d4 d5 3.e5 c5 4.c3 Qb6 5.Nf3 Bd7 6.a3 Bb5 7.c4 dxc4 8.Nbd2 Nc6 
9.Bxc4 cxd4 10.O-O Rd8 11.b4 Nh6 12.Qe2 d3 13.Qe4 Nf5 14.a4 Bxc4 15.Nxc4 
Qc7 16.Bg5 Rd5 17.b5 Ncd4 18.Qxd3 h6 19.Rac1 hxg5 20.Nd6+ Bxd6 21.Rxc7 
Bxc7 22.Rd1 Nxf3+ 23.Qxf3 Nd4 24.Qd3 Kd7 0-1

[Event "zonal 3.5 (w)"]
[Site "Tianjin CHN"]
[Date "2007.05.05"]
[Round "8.14"]
[White "Li Haoyu"]
[Black "Wang Li"]
[Result "1-0"]
[WhiteElo "2285"]
[BlackElo "2337"]
[EventDate "2007.04.28"]
[PlyCount "75"]

1.c4 e6 2.Nc3 d5 3.d4 c6 4.Nf3 dxc4 5.e3 b5 6.a4 Bb4 7.Bd2 a5 8.Ne5 Bxc3 
9.Bxc3 Nf6 10.Qf3 Qd5 11.Qg3 O-O 12.f3 Qd6 13.Be2 Nd5 14.Bd2 f6 15.Ng4 
Qxg3+ 16.hxg3 e5 17.dxe5 Bxg4 18.fxg4 fxe5 19.axb5 cxb5 20.Bf3 Rd8 21.Bxa5
Rd7 22.Rd1 Rxa5 23.Bxd5+ Kh8 24.O-O Rd8 25.Bxc4 Rxd1 26.Rxd1 Nc6 27.Bb3 g5
28.Kf2 Ra8 29.Ke2 Rc8 30.Be6 Rc7 31.Rd7 Rxd7 32.Bxd7 Ne7 33.Bxb5 Kg7 34.
Kd3 Kf6 35.Kc4 Ke6 36.Kc5 h6 37.b4 Nc8 38.Bc6 1-0

[Event "zonal 3.5 (w)"]
[Site "Tianjin CHN"]
[Date "2007.05.05"]
[Round "8.15"]
[White "Zhang Xiaowen"]
[Black "Yu Lie"]
[Result "0-1"]
[WhiteElo "2203"]
[BlackElo "2325"]
[EventDate "2007.04.28"]
[PlyCount "102"]

1.e4 c5 2.Nf3 Nc6 3.d4 cxd4 4.Nxd4 Nf6 5.Nc3 e5 6.Ndb5 d6 7.Bg5 a6 8.Na3 
b5 9.Nd5 Be7 10.Bxf6 Bxf6 11.c4 b4 12.Nc2 a5 13.Be2 Bg5 14.Qd3 O-O 15.O-O 
Be6 16.Rfd1 g6 17.a3 bxa3 18.Rxa3 Rb8 19.b3 Rb7 20.h3 Qb8 21.Bg4 f5 22.Bf3
Rbf7 23.Nc3 Be7 24.Nb5 Qb6 25.Ra2 Bh4 26.Qe3 Qxe3 27.fxe3 fxe4 28.Bxe4 Nb4
29.Nxb4 axb4 30.Rxd6 Rf2 31.Rxf2 Bxf2+ 32.Kh2 Kf7 33.Rd3 Kf6 34.Nc7 Bf5 
35.Nd5+ Kg5 36.Bxf5 Kxf5 37.Rd2 Ke4 38.Ra2 h5 39.Nxb4 Bxe3 40.Nd5 Bd4 41.
Re2+ Kd3 42.Re1 h4 43.Nc7 Bf2 44.Ra1 e4 45.Ne6 Rf6 46.Ng5 e3 47.Rd1+ Kc2 
48.Ra1 e2 49.Ne4 Kb2 50.Nxf2 Kxa1 51.Nd3 Rd6 0-1

[Event "zonal 3.5 (w)"]
[Site "Tianjin CHN"]
[Date "2007.05.05"]
[Round "8.16"]
[White "Jia Haoxiang"]
[Black "Wang Xiaohui"]
[Result "1/2-1/2"]
[WhiteElo "2198"]
[BlackElo "2190"]
[EventDate "2007.04.28"]
[PlyCount "140"]

1.Nf3 c5 2.c4 Nc6 3.Nc3 e5 4.d3 d6 5.g3 g6 6.Bg2 Bg7 7.Bg5 f6 8.Be3 Nge7 
9.Qc1 Nd4 10.Nd5 Nxd5 11.cxd5 O-O 12.h4 Re8 13.Bxd4 exd4 14.Qf4 h5 15.Qd2 
Kh7 16.O-O Bh6 17.Qc2 b6 18.Rfe1 Re7 19.Nd2 Bb7 20.a4 Kg7 21.Nc4 Qg8 22.a5
Bxd5 23.Bxd5 Qxd5 24.axb6 axb6 25.Nxb6 Rxa1 26.Rxa1 Qe6 27.Ra8 Kh7 28.Qc4 
Qxc4 29.Nxc4 d5 30.Nb6 Rxe2 31.Nxd5 Bg7 32.Rc8 Rxb2 33.Rxc5 Rb3 34.Nf4 Rb6
35.Rd5 f5 36.Rd7 Kg8 37.Kf1 Be5 38.Ke2 Bxf4 39.gxf4 Rb2+ 40.Ke1 Rb1+ 41.
Ke2 Rh1 42.Rxd4 Rxh4 43.Kf3 Kf7 44.Ra4 Rg4 45.Ra7+ Ke6 46.Ra6+ Kd5 47.Ra8 
h4 48.Rd8+ Kc6 49.Rh8 Kc5 50.Ke3 Kd5 51.f3 Rg1 52.Rxh4 Re1+ 53.Kd2 Rf1 54.
Ke2 Rg1 55.Rh8 Kc5 56.Rc8+ Kd5 57.Rd8+ Ke6 58.Ra8 Kd5 59.Ra6 Kd4 60.Kf2 
Rd1 61.Rxg6 Rxd3 62.Rf6 Kd5 63.Rxf5+ Ke6 64.Ra5 Rb3 65.Kg3 Rb1 66.f5+ Kf6 
67.Kg4 Rb4+ 68.f4 Rb1 69.Ra6+ Kf7 70.f6 Rb5 1/2-1/2

[Event "zonal 3.5 (w)"]
[Site "Tianjin CHN"]
[Date "2007.05.05"]
[Round "8.17"]
[White "Ding Yixin"]
[Black "Wu Kaiyu"]
[Result "1-0"]
[WhiteElo "2278"]
[BlackElo "2287"]
[EventDate "2007.04.28"]
[PlyCount "63"]

1.e4 Nf6 2.e5 Nd5 3.d4 d6 4.exd6 cxd6 5.c4 Nb6 6.Nc3 g6 7.Be3 Bg7 8.Rc1 
O-O 9.b3 Bf5 10.Nf3 Bg4 11.Be2 d5 12.c5 Nc8 13.b4 Bxf3 14.Bxf3 e6 15.O-O 
a6 16.a4 Nc6 17.b5 axb5 18.axb5 Na5 19.Be2 Ne7 20.Na4 Nf5 21.Nb6 Ra7 22.
Ra1 e5 23.dxe5 Bxe5 24.Ra4 Nxe3 25.fxe3 Qg5 26.Nxd5 Raa8 27.Bf3 Rfc8 28.
Rg4 Qh6 29.Ne7+ Kf8 30.Nxc8 Qxe3+ 31.Kh1 Rxc8 32.Bd5 1-0

[Event "zonal 3.5 (w)"]
[Site "Tianjin CHN"]
[Date "2007.05.05"]
[Round "8.18"]
[White "Tian Bohan"]
[Black "An Zhixiao"]
[Result "1-0"]
[WhiteElo "2249"]
[BlackElo "2169"]
[EventDate "2007.04.28"]
[PlyCount "81"]

1.e4 c5 2.Nf3 d6 3.d4 cxd4 4.Nxd4 Nf6 5.Nc3 Nc6 6.Bg5 e6 7.Qd2 a6 8.O-O-O 
Bd7 9.f4 b5 10.Bxf6 gxf6 11.Nxc6 Bxc6 12.Qe1 Qa5 13.Kb1 O-O-O 14.Bd3 h5 
15.Rf1 Rd7 16.f5 e5 17.Be2 Kb7 18.Rf3 Bh6 19.Rh3 Bf4 20.Bxh5 Qb4 21.g3 Bg5
22.Bg4 Rxh3 23.Bxh3 a5 24.Bf1 Kb8 25.Qf2 Rb7 26.h4 Bh6 27.a3 Qc5 28.Qxc5 
dxc5 29.Rd6 b4 30.axb4 axb4 31.Rxc6 bxc3 32.b3 Rd7 33.Bd3 Be3 34.Rxf6 c4 
35.bxc4 Rb7+ 36.Ka2 Bc1 37.c5 Rb2+ 38.Ka1 Kc7 39.Rxf7+ Kc6 40.Ra7 Kxc5 41.
Rc7+ 1-0

[Event "zonal 3.5 (w)"]
[Site "Tianjin CHN"]
[Date "2007.05.05"]
[Round "8.19"]
[White "Gu Xiaobing"]
[Black "Wang Jiaquan"]
[Result "0-1"]
[WhiteElo "2351"]
[BlackElo "2276"]
[EventDate "2007.04.28"]
[PlyCount "108"]

1.e4 c5 2.Nc3 Nc6 3.Bb5 Nd4 4.Bc4 g6 5.Nf3 Bg7 6.Nxd4 cxd4 7.Qf3 Nh6 8.Ne2
O-O 9.d3 Ng4 10.Qg3 d6 11.Bb3 a5 12.a4 Nf6 13.f4 Nd7 14.f5 Nc5 15.fxg6 
hxg6 16.Ba2 Be6 17.h4 Bxa2 18.Rxa2 Be5 19.Bf4 Bxf4 20.Nxf4 Kg7 21.h5 e5 
22.Nxg6 fxg6 23.Qxg6+ Kh8 24.Qh6+ Kg8 25.Rh3 Rf6 26.Rg3+ Kf7 27.Rg7+ Ke6 
28.Qg5 d5 29.Ra1 Qf8 30.Rg6 Rxg6 31.Qxg6+ Qf6 32.exd5+ Ke7 33.d6+ Ke6 34.
Qxf6+ Kxf6 35.Kf2 Kg5 36.Rh1 Rh8 37.g4 Rh6 38.Kf3 Rf6+ 39.Kg3 Rxd6 40.Rf1 
Rf6 41.Re1 Nd7 42.Rh1 Rf4 43.Rh4 e4 44.dxe4 Rxe4 45.Rh2 Rxg4+ 46.Kf3 Ne5+ 
47.Ke2 Kh6 48.Rh3 Rg2+ 49.Kd1 Nc4 50.Rb3 Ne3+ 51.Kc1 Rxc2+ 52.Kb1 Rc5 53.
Rxb7 d3 54.Rd7 Nd5 0-1

[Event "zonal 3.5 (w)"]
[Site "Tianjin CHN"]
[Date "2007.05.06"]
[Round "9.1"]
[White "Ding Liren"]
[Black "Bu Xiangzhi"]
[Result "1/2-1/2"]
[WhiteElo "2289"]
[BlackElo "2656"]
[EventDate "2007.04.28"]
[PlyCount "43"]

1.d4 d5 2.Nf3 Nf6 3.c4 c6 4.e3 g6 5.Bd3 Bg7 6.O-O O-O 7.b3 Ne4 8.Bb2 Bf5 
9.Qc2 e6 10.Nc3 Nxc3 11.Bxc3 Bxd3 12.Qxd3 Nd7 13.e4 dxe4 14.Qxe4 Re8 15.
Rad1 Qe7 16.Rfe1 Rad8 17.Qc2 Qd6 18.Re3 Qc7 19.Bb2 Qa5 20.Bc3 Qc7 21.Bb2 
Qa5 22.Bc3 1/2-1/2